The last of the whitfields / (Record no. 1644)

MARC details
000 -LEADER
fixed length control field 00896nac a22002891u 4500
003 - CONTROL NUMBER IDENTIFIER
control field EG-ScBUE
005 - DATE AND TIME OF LATEST TRANSACTION
control field 20210121115902.0
008 - FIXED-LENGTH DATA ELEMENTS--GENERAL INFORMATION
fixed length control field 100922t1986 alu f 00| 0 eng d
020 ## - INTERNATIONAL STANDARD BOOK NUMBER
International Standard Book Number 081730309X (pbk.)
040 ## - CATALOGING SOURCE
Original cataloging agency EG-ScBUE
Language of cataloging eng
Description conventions rda
Transcribing agency EG-ScBUE
Modifying agency EG-ScBUE
082 04 - DEWEY DECIMAL CLASSIFICATION NUMBER
Classification number 813.54
Item number SAN
Edition number 22
100 1# - MAIN ENTRY--PERSONAL NAME
Personal name Sanguinetti, Elise,
Relator term author.
9 (RLIN) 19736
245 14 - TITLE STATEMENT
Title The last of the whitfields /
Statement of responsibility, etc Elise Sanguinetti.
264 #1 - PUBLICATION, DISTRIBUTION, ETC. (IMPRINT)
Place of publication, distribution, etc Alabama :
Name of publisher, distributor, etc The University of Alabama Press,
Date of publication, distribution, etc [1986]
264 #1 - PUBLICATION, DISTRIBUTION, ETC. (IMPRINT)
Date of publication, distribution, etc c1986
300 ## - PHYSICAL DESCRIPTION
Extent 279 pages ;
Dimensions 22 cm
336 ## - CONTENT TYPE
Source rdacontent
Content type term text
Content type code txt
337 ## - MEDIA TYPE
Source rdamedia
Media type term unmediated
Media type code n
338 ## - CARRIER TYPE
Source rdacarrier
Carrier type term volume
Carrier type code nc
500 ## - GENERAL NOTE
General note Donations
650 ## - SUBJECT ADDED ENTRY--TOPICAL TERM
Source of heading or term BUEsh
651 #7 - SUBJECT ADDED ENTRY--GEOGRAPHIC NAME
Geographic name Alabama
General subdivision Fiction.
Source of heading or term BUEsh
9 (RLIN) 19737
653 ## - INDEX TERM--UNCONTROLLED
Resource For college Humanities: English
Arrived date list January2021
655 ## - INDEX TERM--GENRE/FORM
Form subdivision Reading book
9 (RLIN) 34232
942 ## - ADDED ENTRY ELEMENTS (KOHA)
Koha item type Book - Borrowing
Call number prefix 813.54SAN
Source of classification or shelving scheme Dewey Decimal Classification
Holdings
Withdrawn status Lost status Damaged status Not for loan Home library Current library Shelving location Date acquired Source of acquisition Total Checkouts Full call number Barcode Date last seen Date checked out Price effective from Koha item type
        Central Library Central Library Second Floor 21/11/2006 Purchase 1 813.54 SAN 000002697 15/07/2025 20/02/2023 21/11/2006 Book - Borrowing